|
|
|
|
| LEADER |
01104pam a22003018a 4500 |
| 001 |
00041233 |
| 005 |
20180409080417.0 |
| 008 |
110423s2000 ||||||Viesd |
| 020 |
# |
# |
|a 978 60468 3154 9
|c 88000
|
| 041 |
0 |
# |
|a Vie
|
| 082 |
1 |
4 |
|a 495.1
|b C125TR
|
| 245 |
0 |
0 |
|c Tô Phương Cường;(ch.b); Trương Gia Quyền...[Và những người khác]
|a Cấu trúc - mẫu câu thường dùng trong tiếng hoa từ A đến Z
|
| 260 |
# |
# |
|a Tp. Hồ Chí Minh
|b Văn hóa - văn nghệ
|c 2016
|
| 300 |
# |
# |
|a 422 tr.
|c 24 cm.
|
| 653 |
# |
# |
|a Ngôn ngữ
|
| 653 |
# |
# |
|a Mẫu câu
|
| 653 |
# |
# |
|a Cấu trúc
|
| 653 |
# |
# |
|a Tiếng hoa
|
| 653 |
# |
# |
|a Tự học
|
| 700 |
1 |
# |
|a Huỳnh, Cảnh Quân
|
| 700 |
1 |
# |
|a Huỳnh, Thị Chiêu Uyên
|
| 700 |
1 |
# |
|a Nhan, Vĩ Quang
|
| 700 |
1 |
# |
|a Trương, Gia Quyền
|
| 700 |
1 |
# |
|a Trương, Mỹ Vân
|
| 700 |
1 |
# |
|a Tô, Phương Cường
|e Ch. b
|
| 852 |
# |
# |
|j KD.0023425
|j KM.0024503
|
| 910 |
|
|
|d 09/04/2018
|
| 980 |
# |
# |
|a Trung tâm Học liệu Lê Vũ Hùng, Trường Đại học Đồng Tháp
|